| 000 | 01460cam a2200349 i 4500 | ||
|---|---|---|---|
| 001 | 24980 | ||
| 003 | Mx-PuUPA | ||
| 005 | 20251211140311.0 | ||
| 008 | 140415s2020 mx a gr 001 0 spa d | ||
| 020 | _a9786072924826 | ||
| 040 |
_cMx-PuUPA _aMx-PuUPA _bspa _dMx-PuUPA _erda |
||
| 041 | 0 | _aspa | |
| 043 |
_2mx-mxbn _bn-mx-pu |
||
| 245 | 1 | 0 |
_aAzulejos de Puebla : _bdiseños de una manufactura patrimonial / _cJavier Gómez Marín, coordinador general del proyecto ; José Viveros Mendoza [y otros cuatro], fotografía ; Lino Xavier Cantorán Ortiz, Gerardo Bravo Vargas, ilustración |
| 264 | 1 |
_aPuebla de Zaragoza, México : _bSecretaría de Cultura del Estado de Puebla, _c2020 |
|
| 300 |
_a255 páginas : _bilustraciones ; _c27 cm |
||
| 336 |
_2rdacontent _atexto _btxt |
||
| 336 |
_2rdacontent _aimagen fija _bsti |
||
| 337 |
_2rdamedia _asin medio _bn |
||
| 338 |
_2rdacarrier _avolumen _bnc |
||
| 490 | 0 |
_aAzulejos de Puebla ; _v1 |
|
| 650 | 7 |
_2armarc _aAzulejos |
|
| 651 | 4 |
_aPuebla (México) _xColecciones de cerámica |
|
| 700 | 1 |
_aGómez Marín, Javier, _917422 _qcoordinador |
|
| 700 | 1 |
_aViveros Mendoza, José, _efotógrafo _917424 |
|
| 700 | 1 |
_aCantorán Ortiz, Lino Xavier, _eilustrador |
|
| 700 | 1 |
_aBravo Vargas, Gerardo, _eilustrador |
|
| 942 |
_2ddc _cLI _h738.6097240 _iA57 |
||
| 999 |
_c24980 _d24980 |
||